000 00294nam a22001337a 4500
008 171227b xxu||||| |||| 00| 0 eng d
020 _a07073223-X
041 _aeng
080 _a316
100 _a50
101 _aSOC
245 _aTHE WOMEN POETS IN ENGLISH
_cSTANFORD,A
942 _2udc
_cBK
999 _c39474
_d39474